| 000 | 01443nam a22003257a 4500 | ||
|---|---|---|---|
| 003 | OSt | ||
| 005 | 20230621092610.0 | ||
| 008 | 221006b |||||||| |||| 00| 0 eng d | ||
| 040 | _cBiblioteca Lado V | ||
| 082 |
_a709.05 _bG851a |
||
| 100 |
_9855 _aGriffin, Tim _eeditor |
||
| 245 |
_aArtforum/ _bInternacional/ |
||
| 260 |
_aNew York _c1994 _bNew York editorial and business offices |
||
| 300 |
_c26.5x27cm _a128p. |
||
| 366 | _espa | ||
| 490 |
_aMayo _v1994 _x0864-1315 |
||
| 505 | _tLETTERS | ||
| 505 |
_tCOLUMNS _aGlamour Wounds Agitpop Special Effects Real Life Rock |
||
| 505 |
_tFEATURES _gCreatures of the plane As is: Wolfgang Tillmans' Live Style Louise Fishman: Valles Marineris April 4, 1994 Derec=k Jarman, 1942-1994: A Political Death Bad Girl Blues Once Girl Blues Once More with Intellect: Italy's New Idea Art Openings |
||
| 505 | _tREVIEWS | ||
| 650 |
_2Tesauro de Arte & Arquitectura _aARTE COMTEMPORANEO _9703 |
||
| 650 |
_2Tesauro de Arte & Arquitectura _aFOTOGRAFIA _9702 |
||
| 650 |
_2Tesauro de Arte & Arquitectura _aARTE VISUAL _9702 |
||
| 650 |
_2Tesauro de Arte & Arquitectura _aLIBROS |
||
| 650 |
_2Tesauro de Arte & Arquitectura _aNOTICIAS |
||
| 650 |
_2 Tesauro de Arte & Arquitectura _aARTE INTERNACIONAL |
||
| 650 |
_2 Tesauro de Arte & Arquitectura _aESCULTURA |
||
| 700 |
_aNavarreta, Jose Antonio _eeditor |
||
| 942 |
_2ddc _c1 _h709.05 _iG851a _n0 |
||
| 999 |
_c3887 _d3887 |
||